| 000 | 00782nab a2200241u 4500 | ||
|---|---|---|---|
| 001 | 07228 | ||
| 003 | HDC | ||
| 007 | c| |||a|c|aaaa | ||
| 008 | 210127b20160606my ||||| |||| 00| 0 may d | ||
| 040 | _aHDC | ||
| 245 | 0 | _aEliss galak suri rumah pasar produk secara dalam talian | |
| 336 |
_atext _2rdacontent |
||
| 337 |
_acomputer _2rdamedia |
||
| 338 |
_aonline resource _2rdacarrier |
||
| 650 |
_aCosmetics _924 |
||
| 650 |
_aEliss Natural Advance Face Serum _97721 |
||
| 650 |
_aEliss Tropical Collagen _97720 |
||
| 710 | _aUtusan Malaysia | ||
| 856 | _zRequest full-text at [email protected] | ||
| 942 | _2lcc | ||
| 942 | _cNEWS | ||
| 942 | _kNWSC 001355 | ||
| 999 |
_c4552 _d4552 |
||